00708nam a2200217Ia 4500003000900000008004100009040001300050040001300063041000800076100001900084245009900103250001100202260001700213260000900230300001000239300001200249490000600261942000700267999001700274952019900291IT-RoPAU120407s9999 xx 000 0 und d aIT-RoPAU cIT-RoPAU aita aAmedeo Cencini aLa comunità€ religiosa apostolica oggi. Assemblea annuale USMI triveneta: 10-11 dicembre 1985 aPadova aPresbyterium c1985 a58 p. c20,5 cm v1 cBK c35859d35859 00102ddc406248_79200000000000071aPAULUSbPAULUSd2012-04-11l0o248.792r2012-04-11 00:00:00w2012-04-11yBKzInserito da: LuigiG In data: 27 ottobre 2011 fondo: Via A.Severo 56 Progr:18791